000 01121nmc a2200373 a 4500
003 AR-BaBNM
005 20251128203514.0
008 166019s1986 ||||||||||||||000 | spa||
020 _a950-23-0271-0
040 _cAR-BaBNM
100 1 _aEdelman, Jorge A.
245 1 0 _aInformática en la escuela
250 _a1ª ed.
260 _aBuenos Aires
_bEudeba
_c1986
300 0 _a192 p.
_bil., tablas
490 0 _aInformática y computación
504 _aBibliografía p. 187-190
650 4 _aENSENANZA DE LA INFORMATICA
650 4 _aINFORMATICA
650 4 _aLENGUAJES DE COMPUTACION
650 4 _aENFOQUE INTERDISCIPLINARIO
650 4 _aFORMACION DE DOCENTES
653 0 _aEDUCACION PRIMARIA
653 0 _aEDUCACION SECUNDARIA
700 1 _aSchuster de Winograd, Nilda B.
700 1 _aScholsser, Silvio
_ecolaborador
700 1 _aSosisky, Graciela
_ecolaborador
700 1 _aDahi, Doreen
_ecolaborador
700 1 _aRapallini, María V.
_ecolaborador
700 1 _aVillamil, Eduardo
_ecolaborador
700 1 _aFernández Pirovani, María
_ecolaborador
942 _cBK
998 _cCarmen
999 _c3685
_d3685